[Event "EU-ch 23rd"]
[Site "Vrnjacka Banja"]
[Date "2023.03.03"]
[Round "1"]
[White "Seemann, Jakub"]
[Black "Bjelanovic, Mile"]
[Result "1-0"]
[WhiteElo "2424"]
[BlackElo "2017"]
[PlyCount "57"]
[EventDate "2023.03.03"]
[EventType "swiss"]
[EventRounds "11"]
[EventCountry "SRB"]
[SourceTitle "CBM 213"]
[Source "ChessBase"]
[SourceDate "2023.04.30"]
[SourceVersion "1"]
[SourceVersionDate "2023.04.30"]
[SourceQuality "1"]

1. d4 Nf6 2. c4 d6 3. Nf3 Nbd7 4. Nc3 e5 5. g3 g6 6. Bg2 Bg7 7. 0-0 0-0 8. e4 Re8 9. h3 c6 10. Re1 h6 11. Be3 Qe7 12. Qc2 Nf8 13. Rad1 g5 14. c5 dxc5 15. dxe5 N6d7 16. Ne2 Ng6 17. Nh2 Qxe5 18. b4 cxb4 19. Nd4 Nf6 20. Bc1 Qa5 21. Nf1 Be6 22. Nxe6 Rxe6 23. Ne3 Rae8 24. Kh2 Qa6 25. Nf5 Bf8 26. Bb2 Ne5 27. f4 Qc4 28. Qb1 Ng6 29. Ne3 1-0

[Event "Belgrade Premier League"]
[Site "Belgrade"]
[Date "2021.10.01"]
[Round "1.2"]
[White "Vrankovic, Luka"]
[Black "Bjelanovic, Mile"]
[Result "1-0"]
[WhiteElo "1906"]
[BlackElo "2041"]
[PlyCount "99"]
[EventDate "2021.10.01"]
[EventType "team-tourn"]
[EventRounds "11"]
[EventCountry "SRB"]
[SourceTitle "CBM 204 Extra"]
[Source "ChessBase"]
[SourceDate "2021.11.30"]
[SourceVersion "1"]
[SourceVersionDate "2021.11.30"]
[SourceQuality "1"]
[WhiteTeam "Grocka"]
[BlackTeam "Belgrade Napredak"]
[WhiteTeamCountry "SRB"]
[BlackTeamCountry "SRB"]

1. d4 Nf6 2. c4 d6 3. Nf3 Nbd7 4. Nc3 e5 5. Bg5 Be7 6. e3 0-0 7. Qc2 c6 8. Be2 Re8 9. 0-0 Qc7 10. Rac1 Nf8 11. h3 Ng6 12. d5 c5 13. Bd3 Nh5 14. g4 Nf6 15. Bf5 Nf8 16. Bxc8 Qxc8 17. Qf5 Qd8 18. Bxf6 Bxf6 19. Ne4 Be7 20. Nfg5 Bxg5 21. Nxg5 Qe7 22. Ne4 Nd7 23. g5 Rad8 24. h4 f6 25. g6 hxg6 26. Qxg6 Nf8 27. Qf5 Qd7 28. Qxd7 Rxd7 29. f3 Nh7 30. Kf2 Kf7 31. Rh1 Rh8 32. Rcg1 Nf8 33. h5 Ke8 34. h6 g6 35. Nxf6+ Kf7 36. Nxd7 Nxd7 37. f4 Rh7 38. Kf3 Kf6 39. Kg4 e4 40. Rf1 b6 41. b3 Nf8 42. f5 g5 43. Rh5 Nd7 44. Rxg5 Ne5+ 45. Kh5 Nf3 46. Rg6+ Kxf5 47. Rg3 Rh8 48. Rfxf3+ exf3 49. Rxf3+ Ke4 50. Rf7 1-0

[Event "Belgrade-chT Quality"]
[Site "Belgrade"]
[Date "2020.10.09"]
[Round "1.7"]
[White "Bjelanovic, Mile"]
[Black "Banovic, Nikola"]
[Result "1/2-1/2"]
[WhiteElo "1917"]
[BlackElo "1947"]
[PlyCount "148"]
[EventDate "2020.10.09"]
[EventType "team-tourn"]
[EventRounds "9"]
[EventCountry "SRB"]
[SourceTitle "EXT 2022"]
[Source "ChessBase"]
[SourceDate "2021.10.06"]
[SourceVersion "1"]
[SourceVersionDate "2021.10.06"]
[SourceQuality "1"]
[WhiteTeam "Belgrade Napredak"]
[BlackTeam "Belgrade Batajnica"]
[WhiteTeamCountry "SRB"]
[BlackTeamCountry "SRB"]

1. e4 c5 2. Nf3 d6 3. c3 Nf6 4. h3 Nc6 5. Bd3 e6 6. Bc2 Qc7 7. 0-0 d5 8. exd5 Nxd5 9. d4 cxd4 10. Nxd4 Nxd4 11. Qxd4 Bd7 12. Re1 Qc5 13. Qg4 0-0-0 14. c4 Nb4 15. Be3 Qc7 16. Na3 Nxc2 17. Nxc2 a6 18. Qe2 e5 19. b4 Be6 20. c5 f5 21. Bg5 Rd5 22. Rad1 h6 23. Rxd5 Bxd5 24. Rd1 hxg5 25. Rxd5 g4 26. Rxe5 Kb8 27. hxg4 fxg4 28. Re8+ Ka7 29. Qe5 Qxe5 30. Rxe5 Rh6 31. Ne3 g3 32. fxg3 Rc6 33. Re8 Rf6 34. Nd5 Rf5 35. Nb6 Bxc5+ 36. bxc5 Rxc5 37. Nc8+ Kb8 38. Nd6+ Kc7 39. Ne4 Rc2 40. Re7+ Kc6 41. a4 b5 42. axb5+ axb5 43. Rxg7 b4 44. Rg8 Kc7 45. Rf8 b3 46. Rf2 Rc4 47. Rb2 Rxe4 48. Rxb3 Kd6 49. Kf2 Ra4 50. Re3 Ra8 51. g4 Rg8 52. Kf3 Rf8+ 53. Kg3 Rg8 54. Re4 Kd5 55. Ra4 Ke5 56. Ra5+ Kf6 57. Kf4 Rb8 58. Ra6+ Kg7 59. Kg5 Rb5+ 60. Kh4 Rb2 61. g3 Rb4 62. Kh5 Rb3 63. g5 Rxg3 64. Ra7+ Kf8 65. Kg6 Rg1 66. Ra8+ Ke7 67. Kh6 Kf7 68. Ra7+ Kg8 69. Kg6 Kf8 70. Rf7+ Kg8 71. Rf5 Rg2 72. Kf6 Kh7 73. Kf7 Ra2 74. Rf6 Ra7+ 1/2-1/2